| 000 | 00680cam a2200253 4500 | ||
|---|---|---|---|
| 008 | 090401t1993 xxu||||| |||| 00| 0 eng d | ||
| 020 | _a1870889355 | ||
| 035 | _a(Sirsi) u27239 | ||
| 041 | _aeng | ||
| 050 | _a020.025 | ||
| 245 | _aWho`s who in the UK information world 1994 | ||
| 250 | _a4th ed. | ||
| 260 |
_aLondon _bTFPL Publishing _c1993 |
||
| 300 | _a577p. ; 30cm. | ||
| 350 | _a62.5 | ||
| 650 | _aDIRECTORIES | ||
| 650 | _aINFORMATION PROFESSIONALS | ||
| 650 | _aLIBRARIANS | ||
| 650 | _aTASK FORCE PRO LIBRA | ||
| 690 | _aMANAGEMENT-BUSINESS MANAGEMENT-PROFESSIONAL PRACTICE | ||
| 700 |
_aNordin, Jorund B. _xEditor |
||
| 942 | _n0 | ||
| 948 | _c04/03/1997 | ||
| 999 |
_c89081 _d89081 |
||